| 000 | 01410nam a22003977a 4500 | ||
|---|---|---|---|
| 001 | 000010655 | ||
| 003 | CHAP | ||
| 005 | 20220329133752.0 | ||
| 008 | 971013s1979 mx r 000|0 spa d | ||
| 010 | _a10595 | ||
| 011 | _a11567 | ||
| 035 | _a10806 | ||
| 040 | _cCHAP | ||
| 090 | _aTesis | ||
| 100 | 0 | 0 |
_aAcosta Velandria, Fernando _9707 |
| 245 | 1 | 0 |
_aEfecto del compost y la fertilización nitrogenada en el rendimiento y desarrollo del pepino (Cucumis sativa) / _cpor Fernando Acosta Velandria. |
| 260 |
_a(Monterrey, N.L.) : _bEl autor, _c1979. |
||
| 300 |
_a116 h. : _bgráfs., tablas. |
||
| 502 | _aTesis (Ing. Agr. en Producción Agropecuaria) -- ITESM. Div. de Ciencias Agropecuarias y Marítimas | ||
| 590 |
_aALEPH _b10 _c20130110 _lUCH01 _h1227 |
||
| 590 |
_aBATCH-UPD _b10 _c20130110 _lUCH01 _h0245 |
||
| 590 |
_aBATCH-UPD _b10 _c20130110 _lUCH01 _h1442 |
||
| 590 |
_aBATCH-UPD _b10 _c20130409 _lUCH01 _h2314 |
||
| 590 |
_aBATCH-UPD _b10 _c20130913 _lUCH01 _h1916 |
||
| 590 |
_aCONVERSION _b10 _c20130109 _lUCH01 _h1307 |
||
| 590 |
_aE6096MTM _b05 _c20140609 _lUCH01 _h1349 |
||
| 590 |
_aE6096MTM _b05 _c20140609 _lUCH01 _h1356 |
||
| 650 | 1 | 4 |
_aAbonos _xEfecto en pepino. _9260 |
| 650 | 1 | 4 |
_aCompost. _926105 |
| 650 | 1 | 4 |
_aFertilizantes _xEfecto en pepino. _940539 |
| 650 | 1 | 4 |
_aPepino _xRendimiento. _986928 |
| 901 | _aBK | ||
| 942 | _cTESIS | ||
| 942 | _n0 | ||
| 949 |
_bBC _cTES _d-22726 _eTS1 _i10806 _si |
||
| 999 |
_c10595 _d10595 |
||